Normal view
MARC view
Entry Corporate Name
001 - CONTROL NUMBER
- control field: 15818
003 - CONTROL NUMBER IDENTIFIER
- control field: ARRUPE
005 - DATE AND TIME OF LATEST TRANSACTION
- control field: 20150305173912.0
008 - FIXED-LENGTH DATA ELEMENTS
- fixed length control field: 150305|| aca||aabn | a|a d
040 ## - CATALOGING SOURCE
- Original cataloging agency: ARRUPE
- Transcribing agency: ARRUPE
110 ## - HEADING--CORPORATE NAME
- Corporate name or jurisdiction name as entry element: Catholic Church
- General subdivision: Membership.
670 ## - SOURCE DATA FOUND
- Source citation: Work cat.: (ARRUPE)0: Leach, Michael, 1940- 15817, Why stay Catholic? :, c2011.